[Event "45th FIDE Chess Olympiad Open"]
[Site "Budapest, Hungary"]
[Date "2024.09.21"]
[Round "10"]
[White "Muhammed, Shuaau"]
[Black "Wu, Li"]
[Result "1/2-1/2"]
[Board "269"]
[WhiteFideId "16700406"]
[BlackFideId "411086"]
[WhiteTitle "FM"]
[BlackTitle "FM"]
[WhiteElo "2052"]
[BlackElo "2325"]
[WhiteTeam "Maldives"]
[BlackTeam "Isle of Man"]
[WhiteClock "0:47:06"]
[BlackClock "0:20:44"]
[Variant "Standard"]

1. e4 {[%clk 1:30:57]}  c5 {[%clk 1:30:52]} 2. Nf3 {[%clk 1:31:20]}  Nc6 {[%clk 1:31:15]} 3. d4 {[%clk 1:31:47]}  cxd4 {[%clk 1:31:40]} 4. Nxd4 {[%clk 1:32:12]}  g6 {[%clk 1:31:59]} 5. c4 {[%clk 1:32:27]}  Nf6 {[%clk 1:32:16]} 6. Nc3 {[%clk 1:32:54]}  d6 {[%clk 1:32:43]} 7. f3 {[%clk 1:32:32]}  Bg7 {[%clk 1:31:49]} 8. Be3 {[%clk 1:32:38]}  O-O {[%clk 1:32:16]} 9. Qd2 {[%clk 1:32:33]}  Nxd4 {[%clk 1:32:31]} 10. Bxd4 {[%clk 1:32:55]}  Bd7 {[%clk 1:32:54]} 11. O-O-O {[%clk 1:28:40]}  Qa5 {[%clk 1:22:50]} 12. Kb1 {[%clk 1:28:33]}  Rfc8 {[%clk 1:22:27]} 13. Be2 {[%clk 1:20:33]}  Be6 {[%clk 1:18:18]} 14. Nd5 {[%clk 1:18:01]}  Qxd2 {[%clk 1:18:28]} 15. Rxd2 {[%clk 1:18:14]}  Nxd5 {[%clk 1:09:28]} 16. cxd5 {[%clk 1:17:38]}  Bd7 {[%clk 1:09:55]} 17. Bxg7 {[%clk 1:17:25]}  Kxg7 {[%clk 1:10:21]} 18. Rc1 {[%clk 1:11:57]}  Rxc1+ {[%clk 1:08:40]} 19. Kxc1 {[%clk 1:12:26]}  Rc8+ {[%clk 1:09:07]} 20. Rc2 {[%clk 1:12:26]}  f5 {[%clk 1:09:07]} 21. Rxc8 {[%clk 1:12:26]}  Bxc8 {[%clk 1:09:07]} 22. exf5 {[%clk 1:10:57]}  Bxf5 {[%clk 1:08:25]} 23. Kd2 {[%clk 1:10:08]}  Kf6 {[%clk 0:58:23]} 24. Ke3 {[%clk 1:09:13]}  Ke5 {[%clk 0:58:48]} 25. Bc4 {[%clk 1:08:55]}  g5 {[%clk 0:58:20]} 26. g3 {[%clk 1:08:15]}  Bg6 {[%clk 0:44:37]} 27. b4 {[%clk 1:06:03]}  Bf7 {[%clk 0:42:25]} 28. f4+ {[%clk 1:06:08]}  gxf4+ {[%clk 0:42:51]} 29. gxf4+ {[%clk 1:06:35]}  Kf5 {[%clk 0:41:01]} 30. h3 {[%clk 1:05:13]}  Kg6 {[%clk 0:37:43]} 31. Kf3 {[%clk 0:49:20]}  Kh5 {[%clk 0:35:53]} 32. Kg3 {[%clk 0:49:34]}  Bg6 {[%clk 0:34:04]} 33. Be2+ {[%clk 0:48:15]}  Kh6 {[%clk 0:34:33]} 34. Bg4 {[%clk 0:47:40]}  Bf7 {[%clk 0:25:47]} 35. Bf3 {[%clk 0:47:01]}  b6 {[%clk 0:25:31]} 36. a3 {[%clk 0:47:09]}  Bg6 {[%clk 0:20:04]} 37. Bg4 {[%clk 0:46:40]}  Bf7 {[%clk 0:20:17]} 38. Bf3 {[%clk 0:47:06]}  Bg6 {[%clk 0:20:44]} 1/2-1/2

[Event "45th FIDE Chess Olympiad Open"]
[Site "Budapest, Hungary"]
[Date "2024.09.21"]
[Round "10"]
[White "Ormsby, Alan"]
[Black "Mohamed, Hassan"]
[Result "0-1"]
[Board "270"]
[WhiteFideId "403407"]
[BlackFideId "16700058"]
[BlackTitle "CM"]
[WhiteElo "1914"]
[BlackElo "1880"]
[WhiteTeam "Isle of Man"]
[BlackTeam "Maldives"]
[WhiteClock "0:00:41"]
[BlackClock "0:09:49"]
[Variant "Standard"]

1. d4 {[%clk 1:30:43]}  Nf6 {[%clk 1:30:49]} 2. Bg5 {[%clk 1:30:47]}  e6 {[%clk 1:29:19]} 3. e3 {[%clk 1:31:08]}  Be7 {[%clk 1:28:25]} 4. Bd3 {[%clk 1:31:08]}  b6 {[%clk 1:28:06]} 5. Nd2 {[%clk 1:30:50]}  Bb7 {[%clk 1:28:24]} 6. Ngf3 {[%clk 1:30:58]}  d6 {[%clk 1:28:15]} 7. c3 {[%clk 1:30:33]}  Nbd7 {[%clk 1:27:56]} 8. O-O {[%clk 1:29:30]}  O-O {[%clk 1:27:18]} 9. a4 {[%clk 1:21:25]}  a6 {[%clk 1:27:30]} 10. Re1 {[%clk 1:21:15]}  Nh5 {[%clk 1:22:26]} 11. Bxe7 {[%clk 1:18:13]}  Qxe7 {[%clk 1:22:42]} 12. b4 {[%clk 1:13:49]}  Nhf6 {[%clk 1:22:38]} 13. e4 {[%clk 1:13:22]}  e5 {[%clk 1:22:54]} 14. a5 {[%clk 1:09:46]}  b5 {[%clk 1:21:21]} 15. d5 {[%clk 0:59:14]}  Rfb8 {[%clk 1:06:49]} 16. Nf1 {[%clk 0:57:13]}  g6 {[%clk 1:04:22]} 17. Qd2 {[%clk 0:56:31]}  Kg7 {[%clk 1:02:38]} 18. Rad1 {[%clk 0:56:50]}  h6 {[%clk 1:02:26]} 19. Bb1 {[%clk 0:53:03]}  Nh5 {[%clk 1:02:14]} 20. g3 {[%clk 0:52:21]}  Nf8 {[%clk 1:00:44]} 21. Ne3 {[%clk 0:51:39]}  Bc8 {[%clk 1:00:49]} 22. Nh4 {[%clk 0:45:06]}  Qg5 {[%clk 0:58:28]} 23. Nf3 {[%clk 0:39:25]}  Qf6 {[%clk 0:58:13]} 24. Qe2 {[%clk 0:30:00]}  Bh3 {[%clk 0:53:50]} 25. Kh1 {[%clk 0:29:53]}  Nh7 {[%clk 0:52:34]} 26. Ng1 {[%clk 0:27:52]}  Bd7 {[%clk 0:51:44]} 27. Nf5+ {[%clk 0:24:30]}  Kf8 {[%clk 0:40:45]} 28. Nxh6 {[%clk 0:22:36]}  Qg5 {[%clk 0:40:43]} 29. Nxf7 {[%clk 0:16:43]}  Kxf7 {[%clk 0:40:38]} 30. f4 {[%clk 0:16:00]}  exf4 {[%clk 0:37:45]} 31. Nf3 {[%clk 0:12:25]}  Qh6 {[%clk 0:33:51]} 32. Kg1 {[%clk 0:09:42]}  fxg3 {[%clk 0:32:57]} 33. e5 {[%clk 0:09:55]}  gxh2+ {[%clk 0:22:52]} 34. Qxh2 {[%clk 0:10:12]}  Bg4 {[%clk 0:21:52]} 35. exd6 {[%clk 0:03:08]}  Bxf3 {[%clk 0:20:59]} 36. Re7+ {[%clk 0:03:25]}  Kg8 {[%clk 0:19:10]} 37. Rf1 {[%clk 0:00:55]}  Qg5+ {[%clk 0:18:43]} 38. Kf2 {[%clk 0:01:11]}  cxd6 {[%clk 0:16:51]} 39. Qxd6 {[%clk 0:00:48]}  Rf8 {[%clk 0:11:23]} 40. Qe6+ {[%clk 0:00:41]}  Kh8 {[%clk 0:09:49]} 0-1

[Event "45th FIDE Chess Olympiad Open"]
[Site "Budapest, Hungary"]
[Date "2024.09.21"]
[Round "10"]
[White "Hussain , Nimal"]
[Black "Gumireddy, Sanjay"]
[Result "0-1"]
[Board "271"]
[WhiteFideId "16700309"]
[BlackFideId "448885"]
[WhiteElo "1805"]
[BlackElo "1907"]
[WhiteTeam "Maldives"]
[BlackTeam "Isle of Man"]
[WhiteClock "0:00:59"]
[BlackClock "0:16:45"]
[Variant "Standard"]

1. d4 {[%clk 1:30:48]}  Nf6 {[%clk 1:30:53]} 2. Nf3 {[%clk 1:31:02]}  c5 {[%clk 1:30:07]} 3. e3 {[%clk 1:30:31]}  e6 {[%clk 1:29:40]} 4. b3 {[%clk 1:30:39]}  Nc6 {[%clk 1:29:05]} 5. Bb2 {[%clk 1:30:31]}  cxd4 {[%clk 1:29:24]} 6. Nxd4 {[%clk 1:30:24]}  d5 {[%clk 1:28:47]} 7. Be2 {[%clk 1:29:34]}  Qa5+ {[%clk 1:28:23]} 8. c3 {[%clk 1:26:58]}  Be7 {[%clk 1:25:37]} 9. O-O {[%clk 1:26:58]}  O-O {[%clk 1:25:36]} 10. Nd2 {[%clk 1:23:20]}  Bd7 {[%clk 1:23:11]} 11. f4 {[%clk 1:18:12]}  Rac8 {[%clk 1:22:00]} 12. Bd3 {[%clk 1:17:34]}  Nxd4 {[%clk 1:18:16]} 13. cxd4 {[%clk 1:14:06]}  Bb5 {[%clk 1:18:15]} 14. Qe2 {[%clk 1:08:15]}  Bxd3 {[%clk 1:18:31]} 15. Qxd3 {[%clk 1:08:38]}  Bb4 {[%clk 1:17:15]} 16. Nb1 {[%clk 1:03:13]}  Ne4 {[%clk 1:14:56]} 17. a3 {[%clk 1:03:17]}  Bd6 {[%clk 1:09:14]} 18. Rd1 {[%clk 0:55:01]}  Rc6 {[%clk 1:06:37]} 19. Nd2 {[%clk 0:55:08]}  f5 {[%clk 1:01:41]} 20. b4 {[%clk 0:50:59]}  Qa4 {[%clk 0:57:36]} 21. Nb3 {[%clk 0:34:53]}  b6 {[%clk 0:55:21]} 22. Rac1 {[%clk 0:32:10]}  Rfc8 {[%clk 0:54:22]} 23. Rxc6 {[%clk 0:30:56]}  Rxc6 {[%clk 0:53:31]} 24. Rc1 {[%clk 0:31:01]}  Rxc1+ {[%clk 0:51:41]} 25. Bxc1 {[%clk 0:30:07]}  Qc6 {[%clk 0:51:21]} 26. Bb2 {[%clk 0:28:08]}  Kf7 {[%clk 0:40:38]} 27. Nc1 {[%clk 0:19:57]}  Qc7 {[%clk 0:38:21]} 28. Ne2 {[%clk 0:16:31]}  g5 {[%clk 0:36:33]} 29. g3 {[%clk 0:15:41]}  Be7 {[%clk 0:33:49]} 30. Kg2 {[%clk 0:14:58]}  g4 {[%clk 0:33:59]} 31. Nc3 {[%clk 0:14:49]}  Nd6 {[%clk 0:30:45]} 32. Bc1 {[%clk 0:10:51]}  h5 {[%clk 0:25:25]} 33. Bd2 {[%clk 0:10:34]}  h4 {[%clk 0:24:07]} 34. Be1 {[%clk 0:07:26]}  h3+ {[%clk 0:23:39]} 35. Kf2 {[%clk 0:07:18]}  Qc4 {[%clk 0:17:59]} 36. Qxc4 {[%clk 0:05:30]}  Nxc4 {[%clk 0:18:08]} 37. Nb1 {[%clk 0:03:51]}  b5 {[%clk 0:17:53]} 38. Ke2 {[%clk 0:03:40]}  Ke8 {[%clk 0:16:38]} 39. Bd2 {[%clk 0:03:15]}  Kd7 {[%clk 0:14:45]} 40. Bc1 {[%clk 0:03:29]}  Kc6 {[%clk 0:13:57]} 41. Kd3 {[%clk 0:03:00]}  Kb6 {[%clk 0:10:07]} 42. Ke2 {[%clk 0:00:35]}  a5 {[%clk 0:09:16]} 43. bxa5+ {[%clk 0:19:44]}  Kxa5 {[%clk 0:39:28]} 44. Kf2 {[%clk 0:19:55]}  Nd6 {[%clk 0:26:02]} 45. Kf1 {[%clk 0:11:03]}  Ne4 {[%clk 0:25:30]} 46. Bd2+ {[%clk 0:00:51]}  Ka4 {[%clk 0:20:59]} 47. Be1 {[%clk 0:00:38]}  Bxa3 {[%clk 0:19:23]} 48. Ke2 {[%clk 0:00:59]}  Bb4 {[%clk 0:18:39]} 49. Nd2 {[%clk 0:00:37]}  Bxd2 {[%clk 0:18:32]} 50. Bxd2 {[%clk 0:01:01]}  Nxg3+ {[%clk 0:18:15]} 51. Kd3 {[%clk 0:00:59]}  Nf1 {[%clk 0:16:45]} 0-1

[Event "45th FIDE Chess Olympiad Open"]
[Site "Budapest, Hungary"]
[Date "2024.09.21"]
[Round "10"]
[White "Miah, Zahed"]
[Black "Abdul Rahman, Ali"]
[Result "0-1"]
[Board "272"]
[WhiteFideId "448940"]
[BlackFideId "16700066"]
[BlackTitle "CM"]
[WhiteElo "1895"]
[BlackElo "1844"]
[WhiteTeam "Isle of Man"]
[BlackTeam "Maldives"]
[WhiteClock "0:15:54"]
[BlackClock "0:57:25"]
[Variant "Standard"]

1. e4 {[%clk 1:30:56]}  e6 {[%clk 1:30:48]} 2. d4 {[%clk 1:31:08]}  d5 {[%clk 1:30:47]} 3. e5 {[%clk 1:30:59]}  c5 {[%clk 1:30:28]} 4. c3 {[%clk 1:31:17]}  Nc6 {[%clk 1:30:28]} 5. Nf3 {[%clk 1:31:38]}  Bd7 {[%clk 1:30:23]} 6. Bd3 {[%clk 1:30:46]}  Qb6 {[%clk 1:30:17]} 7. dxc5 {[%clk 1:30:05]}  Bxc5 {[%clk 1:30:12]} 8. O-O {[%clk 1:29:33]}  Qc7 {[%clk 1:30:13]} 9. Re1 {[%clk 1:28:02]}  Nge7 {[%clk 1:30:07]} 10. Nbd2 {[%clk 1:17:36]}  Ng6 {[%clk 1:28:35]} 11. Qe2 {[%clk 1:12:07]}  Nf4 {[%clk 1:27:58]} 12. Qf1 {[%clk 1:12:27]}  Nxd3 {[%clk 1:27:43]} 13. Qxd3 {[%clk 1:12:52]}  a5 {[%clk 1:26:28]} 14. Nb3 {[%clk 1:12:12]}  Bb6 {[%clk 1:26:08]} 15. Be3 {[%clk 1:07:31]}  Ne7 {[%clk 1:23:54]} 16. Bxb6 {[%clk 1:04:20]}  Qxb6 {[%clk 1:24:09]} 17. Nbd4 {[%clk 1:03:24]}  h6 {[%clk 1:22:48]} 18. h4 {[%clk 1:00:10]}  Ng6 {[%clk 1:23:07]} 19. g3 {[%clk 0:59:11]}  Rc8 {[%clk 1:21:57]} 20. a4 {[%clk 0:49:41]}  Qxb2 {[%clk 1:14:40]} 21. Reb1 {[%clk 0:49:03]}  Qxc3 {[%clk 1:15:03]} 22. Qxc3 {[%clk 0:49:19]}  Rxc3 {[%clk 1:14:12]} 23. Rxb7 {[%clk 0:49:10]}  Ne7 {[%clk 1:11:11]} 24. Nb5 {[%clk 0:40:14]}  Rxf3 {[%clk 1:08:27]} 25. Nd6+ {[%clk 0:39:59]}  Kd8 {[%clk 1:08:18]} 26. Rb8+ {[%clk 0:31:09]}  Bc8 {[%clk 1:07:36]} 27. Kg2 {[%clk 0:27:35]}  Rc3 {[%clk 1:07:24]} 28. Nxf7+ {[%clk 0:27:33]}  Kc7 {[%clk 1:07:29]} 29. Rab1 {[%clk 0:26:01]}  Rf8 {[%clk 1:06:44]} 30. Nd6 {[%clk 0:25:56]}  Kd7 {[%clk 1:06:38]} 31. R1b6 {[%clk 0:20:57]}  Rc2 {[%clk 1:05:37]} 32. Nb5 {[%clk 0:20:35]}  Nc6 {[%clk 1:00:57]} 33. Nd6 {[%clk 0:15:54]}  Nxb8 {[%clk 0:57:25]} 0-1

[Event "45th FIDE Chess Olympiad Open"]
[Site "Budapest, Hungary"]
[Date "2024.09.21"]
[Round "10"]
[White "Gabriel, Davidson"]
[Black "Than, Min Hlaing"]
[Result "0-1"]
[Board "273"]
[WhiteFideId "11901284"]
[BlackFideId "13001353"]
[WhiteElo "2043"]
[BlackElo "2121"]
[WhiteTeam "Haiti"]
[BlackTeam "Myanmar"]
[WhiteClock "0:13:49"]
[BlackClock "0:34:35"]
[Variant "Standard"]

1. e4 {[%clk 1:30:53]}  c5 {[%clk 1:30:56]} 2. Nf3 {[%clk 1:31:11]}  d6 {[%clk 1:31:20]} 3. d4 {[%clk 1:31:02]}  cxd4 {[%clk 1:31:45]} 4. Nxd4 {[%clk 1:31:24]}  Nf6 {[%clk 1:32:13]} 5. Nc3 {[%clk 1:31:46]}  a6 {[%clk 1:32:38]} 6. Bg5 {[%clk 1:30:47]}  e6 {[%clk 1:33:01]} 7. Qd2 {[%clk 1:30:04]}  Nbd7 {[%clk 1:33:16]} 8. f3 {[%clk 1:27:48]}  b5 {[%clk 1:33:33]} 9. O-O-O {[%clk 1:26:28]}  Bb7 {[%clk 1:33:41]} 10. Kb1 {[%clk 1:25:45]}  Be7 {[%clk 1:33:30]} 11. h4 {[%clk 1:23:59]}  O-O {[%clk 1:27:35]} 12. a3 {[%clk 1:21:01]}  Rc8 {[%clk 1:26:30]} 13. Qe1 {[%clk 1:20:30]}  Ne5 {[%clk 1:24:16]} 14. f4 {[%clk 1:03:03]}  Nc4 {[%clk 1:24:38]} 15. Bxc4 {[%clk 1:03:12]}  Rxc4 {[%clk 1:25:00]} 16. e5 {[%clk 1:03:24]}  Nd5 {[%clk 1:21:29]} 17. Ne4 {[%clk 1:00:21]}  dxe5 {[%clk 1:21:01]} 18. fxe5 {[%clk 1:00:13]}  Qb6 {[%clk 1:21:13]} 19. c3 {[%clk 0:54:15]}  b4 {[%clk 0:56:34]} 20. axb4 {[%clk 0:47:23]}  Bxb4 {[%clk 0:56:12]} 21. Bd2 {[%clk 0:23:27]}  Ba3 {[%clk 0:52:38]} 22. Bc1 {[%clk 0:22:39]}  Rb8 {[%clk 0:44:57]} 23. Kc2 {[%clk 0:20:15]}  Nb4+ {[%clk 0:42:18]} 24. Kb1 {[%clk 0:19:25]}  Bxe4+ {[%clk 0:41:32]} 25. Qxe4 {[%clk 0:19:29]}  Nd5 {[%clk 0:41:40]} 26. Kc2 {[%clk 0:13:49]}  Qxb2+ {[%clk 0:34:35]} 0-1

[Event "45th FIDE Chess Olympiad Open"]
[Site "Budapest, Hungary"]
[Date "2024.09.21"]
[Round "10"]
[White "Kyaw Zay Ya"]
[Black "Etienne, Angelo"]
[Result "0-1"]
[Board "274"]
[WhiteFideId "13004239"]
[BlackFideId "361096937"]
[WhiteElo "1818"]
[BlackElo "2122"]
[WhiteTeam "Myanmar"]
[BlackTeam "Haiti"]
[WhiteClock "0:37:50"]
[BlackClock "1:04:02"]
[Variant "Standard"]

1. e4 {[%clk 1:30:52]}  c5 {[%clk 1:30:56]} 2. Nf3 {[%clk 1:31:16]}  Nc6 {[%clk 1:31:18]} 3. d4 {[%clk 1:31:29]}  cxd4 {[%clk 1:31:45]} 4. Nxd4 {[%clk 1:31:45]}  Nf6 {[%clk 1:32:04]} 5. Nc3 {[%clk 1:32:03]}  e5 {[%clk 1:32:28]} 6. Nb3 {[%clk 1:31:56]}  Bb4 {[%clk 1:32:09]} 7. Bd3 {[%clk 1:28:23]}  O-O {[%clk 1:29:22]} 8. Bd2 {[%clk 1:27:42]}  Ne7 {[%clk 1:29:05]} 9. a3 {[%clk 1:26:21]}  Bxc3 {[%clk 1:29:25]} 10. Bxc3 {[%clk 1:26:36]}  d5 {[%clk 1:29:15]} 11. Bxe5 {[%clk 1:22:20]}  dxe4 {[%clk 1:29:43]} 12. Be2 {[%clk 1:21:03]}  Nd7 {[%clk 1:26:30]} 13. Bc3 {[%clk 1:19:15]}  Nf5 {[%clk 1:15:11]} 14. Qd2 {[%clk 1:16:43]}  e3 {[%clk 1:14:36]} 15. fxe3 {[%clk 1:13:30]}  Qh4+ {[%clk 1:15:04]} 16. Kd1 {[%clk 1:13:44]}  Ng3 {[%clk 1:14:28]} 17. Qe1 {[%clk 1:12:54]}  Nf5 {[%clk 1:14:47]} 18. Qxh4 {[%clk 1:11:46]}  Nxh4 {[%clk 1:15:17]} 19. Bd3 {[%clk 1:11:25]}  Nb6 {[%clk 1:15:30]} 20. e4 {[%clk 1:10:20]}  Na4 {[%clk 1:10:07]} 21. Bd4 {[%clk 1:09:57]}  Rd8 {[%clk 1:10:08]} 22. Kc1 {[%clk 1:09:05]}  Be6 {[%clk 1:10:18]} 23. Bf2 {[%clk 1:04:54]}  Nxg2 {[%clk 1:10:26]} 24. Nd4 {[%clk 1:03:46]}  Nf4 {[%clk 1:10:16]} 25. Nxe6 {[%clk 1:03:28]}  Nxd3+ {[%clk 1:09:18]} 26. cxd3 {[%clk 1:03:57]}  fxe6 {[%clk 1:09:47]} 27. d4 {[%clk 1:01:04]}  Rac8+ {[%clk 1:09:41]} 28. Kb1 {[%clk 1:01:25]}  Rf8 {[%clk 1:09:59]} 29. Bg3 {[%clk 1:01:46]}  Rf3 {[%clk 1:09:59]} 30. d5 {[%clk 0:56:08]}  exd5 {[%clk 1:09:40]} 31. exd5 {[%clk 0:56:26]}  Rd3 {[%clk 1:08:47]} 32. d6 {[%clk 0:56:25]}  Rd2 {[%clk 1:09:11]} 33. Ra2 {[%clk 0:55:32]}  Kf7 {[%clk 1:05:56]} 34. Re1 {[%clk 0:55:39]}  g5 {[%clk 1:06:00]} 35. Re7+ {[%clk 0:56:00]}  Kg6 {[%clk 1:06:03]} 36. Rc7 {[%clk 0:56:03]}  Rf8 {[%clk 1:05:58]} 37. Rc1 {[%clk 0:53:59]}  Rf3 {[%clk 1:05:50]} 38. b4 {[%clk 0:50:49]}  Rdd3 {[%clk 1:05:08]} 39. Kc2 {[%clk 0:48:09]}  Nc3 {[%clk 1:04:03]} 40. Raa1 {[%clk 0:44:46]}  Ne4 {[%clk 1:03:08]} 41. Rd1 {[%clk 0:37:32]}  Rc3+ {[%clk 1:03:14]} 42. Kb2 {[%clk 0:37:58]}  Rb3+ {[%clk 1:03:30]} 43. Ka2 {[%clk 0:38:21]}  Rbd3 {[%clk 1:03:36]} 44. d7 {[%clk 0:37:50]}  Nc3+ {[%clk 1:04:02]} 0-1

[Event "45th FIDE Chess Olympiad Open"]
[Site "Budapest, Hungary"]
[Date "2024.09.21"]
[Round "10"]
[White "Victor, Wyclef"]
[Black "Zaw Ye Htut"]
[Result "0-1"]
[Board "275"]
[WhiteFideId "11901268"]
[BlackFideId "13013955"]
[WhiteElo "1924"]
[BlackElo "1815"]
[WhiteTeam "Haiti"]
[BlackTeam "Myanmar"]
[WhiteClock "0:14:50"]
[BlackClock "0:50:45"]
[Variant "Standard"]

1. Nf3 {[%clk 1:30:56]}  d5 {[%clk 1:30:54]} 2. g3 {[%clk 1:31:03]}  e6 {[%clk 1:31:16]} 3. b3 {[%clk 1:31:20]}  f5 {[%clk 1:31:24]} 4. Bg2 {[%clk 1:31:48]}  Nf6 {[%clk 1:31:48]} 5. Bb2 {[%clk 1:31:45]}  Bd6 {[%clk 1:32:01]} 6. d3 {[%clk 1:31:56]}  O-O {[%clk 1:32:22]} 7. O-O {[%clk 1:32:25]}  c5 {[%clk 1:31:25]} 8. Nbd2 {[%clk 1:32:48]}  d4 {[%clk 1:29:29]} 9. Nc4 {[%clk 1:32:34]}  Nc6 {[%clk 1:29:10]} 10. c3 {[%clk 1:32:39]}  Bc7 {[%clk 1:22:22]} 11. cxd4 {[%clk 1:31:00]}  cxd4 {[%clk 1:22:34]} 12. Rc1 {[%clk 1:29:29]}  Re8 {[%clk 1:22:30]} 13. e3 {[%clk 1:25:46]}  dxe3 {[%clk 1:17:17]} 14. fxe3 {[%clk 1:26:14]}  e5 {[%clk 1:15:52]} 15. d4 {[%clk 1:14:49]}  e4 {[%clk 1:12:44]} 16. Nfe5 {[%clk 1:08:52]}  Be6 {[%clk 0:57:03]} 17. Qe2 {[%clk 0:57:19]}  Nd5 {[%clk 0:55:22]} 18. Nxc6 {[%clk 0:48:21]}  bxc6 {[%clk 0:55:39]} 19. Ne5 {[%clk 0:47:33]}  Qg5 {[%clk 0:53:59]} 20. Rxc6 {[%clk 0:42:04]}  Bxe5 {[%clk 0:54:10]} 21. dxe5 {[%clk 0:42:33]}  Qxe3+ {[%clk 0:54:28]} 22. Qxe3 {[%clk 0:42:55]}  Nxe3 {[%clk 0:54:52]} 23. Re1 {[%clk 0:41:10]}  Nxg2 {[%clk 0:48:28]} 24. Kxg2 {[%clk 0:41:39]}  Rad8 {[%clk 0:48:46]} 25. Rd6 {[%clk 0:39:11]}  Rxd6 {[%clk 0:45:32]} 26. exd6 {[%clk 0:39:39]}  Rc8 {[%clk 0:45:42]} 27. Re2 {[%clk 0:39:53]}  Kf7 {[%clk 0:42:44]} 28. Kf2 {[%clk 0:39:21]}  g6 {[%clk 0:42:46]} 29. Ke3 {[%clk 0:36:23]}  Bd7 {[%clk 0:42:54]} 30. Kd4 {[%clk 0:29:15]}  Ke6 {[%clk 0:41:24]} 31. Ba3 {[%clk 0:29:42]}  a5 {[%clk 0:36:10]} 32. Bc5 {[%clk 0:29:35]}  h5 {[%clk 0:35:42]} 33. Bb6 {[%clk 0:20:02]}  Bb5 {[%clk 0:29:07]} 34. Rd2 {[%clk 0:19:13]}  a4 {[%clk 0:27:13]} 35. Bc7 {[%clk 0:18:41]}  axb3 {[%clk 0:27:07]} 36. axb3 {[%clk 0:19:10]}  Ra8 {[%clk 0:27:14]} 37. Kc5 {[%clk 0:19:14]}  Bd7 {[%clk 0:26:07]} 38. b4 {[%clk 0:19:25]}  Ra1 {[%clk 0:26:23]} 39. Rb2 {[%clk 0:15:47]}  Rc1+ {[%clk 0:26:36]} 40. Kd4 {[%clk 0:16:08]}  Bb5 {[%clk 0:26:52]} 41. Ke3 {[%clk 0:15:23]}  g5 {[%clk 0:26:32]} 42. Bb6 {[%clk 0:22:36]}  Rc3+ {[%clk 0:54:36]} 43. Kf2 {[%clk 0:22:52]}  f4 {[%clk 0:54:50]} 44. gxf4 {[%clk 0:22:58]}  gxf4 {[%clk 0:55:10]} 45. Bc5 {[%clk 0:23:13]}  e3+ {[%clk 0:53:26]} 46. Kg2 {[%clk 0:21:47]}  f3+ {[%clk 0:52:09]} 47. Kxf3 {[%clk 0:21:03]}  e2+ {[%clk 0:52:36]} 48. Kf2 {[%clk 0:21:27]}  Rf3+ {[%clk 0:53:00]} 49. Kxf3 {[%clk 0:21:02]}  e1=Q {[%clk 0:53:19]} 50. Rf2 {[%clk 0:21:12]}  Bc6+ {[%clk 0:53:08]} 51. Kg3 {[%clk 0:20:11]}  Qe4 {[%clk 0:50:23]} 52. Rf8 {[%clk 0:15:40]}  Qg2+ {[%clk 0:50:22]} 53. Kh4 {[%clk 0:14:50]}  Qg4# {[%clk 0:50:45]} 0-1

[Event "45th FIDE Chess Olympiad Open"]
[Site "Budapest, Hungary"]
[Date "2024.09.21"]
[Round "10"]
[White "Linn Phone Myat"]
[Black "Volcimus, Ritchy David"]
[Result "0-1"]
[Board "276"]
[WhiteFideId "13023977"]
[BlackFideId "11902086"]
[WhiteElo "1763"]
[BlackElo "1948"]
[WhiteTeam "Myanmar"]
[BlackTeam "Haiti"]
[WhiteClock "0:01:49"]
[BlackClock "0:35:38"]
[Variant "Standard"]

1. e4 {[%clk 1:30:56]}  c6 {[%clk 1:30:57]} 2. Nf3 {[%clk 1:31:16]}  d5 {[%clk 1:31:21]} 3. Nc3 {[%clk 1:31:39]}  dxe4 {[%clk 1:31:42]} 4. Nxe4 {[%clk 1:31:58]}  Bg4 {[%clk 1:31:44]} 5. h3 {[%clk 1:32:00]}  Bxf3 {[%clk 1:32:08]} 6. Qxf3 {[%clk 1:32:24]}  Nd7 {[%clk 1:32:27]} 7. d4 {[%clk 1:31:08]}  Ngf6 {[%clk 1:32:33]} 8. Nxf6+ {[%clk 1:27:27]}  Nxf6 {[%clk 1:32:54]} 9. c3 {[%clk 1:27:08]}  e6 {[%clk 1:33:12]} 10. Bd3 {[%clk 1:24:20]}  Qc7 {[%clk 1:30:37]} 11. O-O {[%clk 1:23:29]}  Be7 {[%clk 1:30:48]} 12. Re1 {[%clk 1:23:28]}  O-O {[%clk 1:24:55]} 13. Bf4 {[%clk 1:21:56]}  Qb6 {[%clk 1:24:36]} 14. Re2 {[%clk 1:12:40]}  Nd5 {[%clk 1:13:13]} 15. Be5 {[%clk 1:03:51]}  Bf6 {[%clk 1:10:33]} 16. Qe4 {[%clk 0:40:04]}  g6 {[%clk 1:10:37]} 17. Bd6 {[%clk 0:34:55]}  Rfd8 {[%clk 1:09:33]} 18. Bc5 {[%clk 0:34:54]}  Qc7 {[%clk 1:09:53]} 19. g3 {[%clk 0:34:15]}  b6 {[%clk 1:04:36]} 20. Ba3 {[%clk 0:34:29]}  Bg7 {[%clk 1:04:10]} 21. Rae1 {[%clk 0:33:36]}  a5 {[%clk 1:03:39]} 22. Qf3 {[%clk 0:30:18]}  Rab8 {[%clk 0:58:38]} 23. Kg2 {[%clk 0:26:15]}  h5 {[%clk 0:45:24]} 24. Be4 {[%clk 0:19:32]}  Rdc8 {[%clk 0:42:30]} 25. b3 {[%clk 0:16:59]}  b5 {[%clk 0:39:59]} 26. Bc5 {[%clk 0:15:06]}  b4 {[%clk 0:39:39]} 27. cxb4 {[%clk 0:09:08]}  axb4 {[%clk 0:39:49]} 28. Bxd5 {[%clk 0:08:56]}  cxd5 {[%clk 0:40:02]} 29. g4 {[%clk 0:07:08]}  h4 {[%clk 0:38:52]} 30. g5 {[%clk 0:05:58]}  Qb7 {[%clk 0:33:33]} 31. Qg4 {[%clk 0:04:43]}  Ra8 {[%clk 0:33:53]} 32. Qxh4 {[%clk 0:04:19]}  Ra5 {[%clk 0:34:14]} 33. Rc2 {[%clk 0:02:15]}  e5 {[%clk 0:30:03]} 34. Ree2 {[%clk 0:01:24]}  Ra6 {[%clk 0:27:00]} 35. Qg4 {[%clk 0:00:36]}  Rac6 {[%clk 0:27:16]} 36. Rcd2 {[%clk 0:00:42]}  Qb5 {[%clk 0:26:21]} 37. Be7 {[%clk 0:00:34]}  exd4 {[%clk 0:25:03]} 38. Bf6 {[%clk 0:00:55]}  d3 {[%clk 0:21:16]} 39. Re3 {[%clk 0:00:59]}  Bxf6 {[%clk 0:19:28]} 40. gxf6 {[%clk 0:01:24]}  Rd8 {[%clk 0:18:47]} 41. Qd4 {[%clk 0:28:01]}  Qb6 {[%clk 0:47:09]} 42. Rexd3 {[%clk 0:25:30]}  Rxf6 {[%clk 0:47:22]} 43. Qxb6 {[%clk 0:24:08]}  Rxb6 {[%clk 0:47:40]} 44. Rxd5 {[%clk 0:23:19]}  Rxd5 {[%clk 0:48:00]} 45. Rxd5 {[%clk 0:23:43]}  Ra6 {[%clk 0:48:25]} 46. Rd4 {[%clk 0:19:30]}  Rxa2 {[%clk 0:47:27]} 47. Rxb4 {[%clk 0:19:48]}  Rb2 {[%clk 0:47:50]} 48. Kf3 {[%clk 0:19:27]}  Kg7 {[%clk 0:47:50]} 49. Ke3 {[%clk 0:18:58]}  Kh6 {[%clk 0:47:42]} 50. Rb5 {[%clk 0:18:41]}  f5 {[%clk 0:47:43]} 51. f4 {[%clk 0:15:57]}  Rh2 {[%clk 0:47:06]} 52. Kd4 {[%clk 0:14:23]}  Rxh3 {[%clk 0:47:29]} 53. Ke5 {[%clk 0:14:03]}  Re3+ {[%clk 0:47:44]} 54. Kf6 {[%clk 0:14:19]}  Kh5 {[%clk 0:38:15]} 55. Rb7 {[%clk 0:08:55]}  Kg4 {[%clk 0:35:25]} 56. Kxg6 {[%clk 0:05:49]}  Kxf4 {[%clk 0:35:42]} 57. Rb4+ {[%clk 0:05:20]}  Re4 {[%clk 0:36:06]} 58. Rb6 {[%clk 0:04:53]}  Kg4 {[%clk 0:36:16]} 59. Rc6 {[%clk 0:03:41]}  f4 {[%clk 0:36:09]} 60. Kf6 {[%clk 0:03:18]}  f3 {[%clk 0:36:15]} 61. Rc1 {[%clk 0:03:02]}  f2 {[%clk 0:36:34]} 62. b4 {[%clk 0:01:45]}  Rxb4 {[%clk 0:35:36]} 63. Ke5 {[%clk 0:02:01]}  Kf3 {[%clk 0:35:40]} 64. Ra1 {[%clk 0:01:49]}  Kg2 {[%clk 0:35:38]} 0-1